000 00312nam a2200133Ia 4500
005 20251222144723.0
008 251222s9999||||xx |||||||||||||| ||spa||
082 _a657.1/P21
100 _aPalomino Hurtado, Carlos
245 0 _aMétodo Calpa:
250 _a1ra. ed.
264 _bEdiciones Calpa
942 _cLIB
999 _c18290
_d18290